The noble scholar, jurist, historian


 His Excellency Dr. Abdul Wahhab bin Ibrahim Abu Sulaiman, may Allah have mercy on him.


 He was born in Umm Al-Qura in the year 1356 AH.

المجموع : (Record no. 451)

MARC details
000 -LEADER
fixed length control field 03915cam a2200577 i 4500
003 - CONTROL NUMBER IDENTIFIER
control field SA-RiAUC
005 - DATE AND TIME OF LATEST TRANSACTION
control field 20240920170854.0
008 - FIXED-LENGTH DATA ELEMENTS--GENERAL INFORMATION
fixed length control field 240920m19251933ua g 000r0 ara c
040 ## - CATALOGING SOURCE
Original cataloging agency SA-MaHRM
Language of cataloging ara
Transcribing agency SA-RiAUC
Description conventions rda
082 04 - DEWEY DECIMAL CLASSIFICATION NUMBER
Classification number 258.3
Assigning agency SA-RiAUC
090 ## - LOCALLY ASSIGNED LC-TYPE CALL NUMBER (OCLC); LOCAL CALL NUMBER (RLIN)
Classification number (OCLC) (R) ; Classification number, CALL (RLIN) (NR) 258.3
Local cutter number (OCLC) ; Book number/undivided call number, CALL (RLIN) ن و و
100 1# - MAIN ENTRY--PERSONAL NAME
Personal name النووي، يحيى بن شرف بن مري،
Dates associated with a name 631-676 هجري
Relator term مؤلف.
245 12 - TITLE STATEMENT
Title المجموع :
Remainder of title شرح المهذب /
Statement of responsibility, etc. أبو زكريا محيي الدين يحيى بن شرف النووي ؛ باشر تصحيحها لجنة من العلماء. ويليه فتح العزيز : شرح الوجيز / أبو القاسم عبد الكريم بن محمد الرافعي. ويليه التلخيص الحبير في تخريج أحاديث الرافعي الكبير / أبو الفضل أحمد بن علي بن حجر العسقلاني.
246 30 - VARYING FORM OF TITLE
Title proper/short title شرح المهذب
264 #1 - PRODUCTION, PUBLICATION, DISTRIBUTION, MANUFACTURE, AND COPYRIGHT NOTICE
Place of production, publication, distribution, manufacture القاهرة :
Name of producer, publisher, distributor, manufacturer إدارة الطباعة المنيرية،
Date of production, publication, distribution, manufacture, or copyright notice [1925-1933]
264 #3 - PRODUCTION, PUBLICATION, DISTRIBUTION, MANUFACTURE, AND COPYRIGHT NOTICE
Place of production, publication, distribution, manufacture [مكان الطبع غير محدد] :
Name of producer, publisher, distributor, manufacturer المطبعة العربية :
-- مطبعة التضامن الأخوي
300 ## - PHYSICAL DESCRIPTION
Extent 8 مجلد ؛
Dimensions 28 سم
336 ## - CONTENT TYPE
Content type term نص
Content type code txt
Source rdacontent
Materials specified كتاب
337 ## - MEDIA TYPE
Media type term بدون وسيط
Media type code n
Source rdamedia
338 ## - CARRIER TYPE
Carrier type term مجلد
Carrier type code nc
Source rdacarrier
500 ## - GENERAL NOTE
General note جعلنا المجموعة في أعلى الصحيفة ويليه فتح العزيز ويليه التلخيص مفصولا بينها بجدول.
500 ## - GENERAL NOTE
General note المكتبة يتوافر بها : مجلد 1، 3، 6، 7، 9، 10، 11، 12.
500 ## - GENERAL NOTE
General note يوجد عليها شروح.
650 #7 - SUBJECT ADDED ENTRY--TOPICAL TERM
Topical term or geographic name entry element الفقه الشافعي
Source of heading or term aucsh
700 12 - ADDED ENTRY--PERSONAL NAME
Personal name الشيرازي، إبراهيم بن علي بن يوسف،
Dates associated with a name 393-476 هجري
700 12 - ADDED ENTRY--PERSONAL NAME
Personal name الرافعي، عبد الكريم بن محمد بن عبد الكريم،
Dates associated with a name 557-623 هجري
700 12 - ADDED ENTRY--PERSONAL NAME
Personal name الغزالي، محمد بن محمد بن محمد،
Titles and other words associated with a name حجة الإسلام،
Dates associated with a name 450-505 هجري
700 12 - ADDED ENTRY--PERSONAL NAME
Personal name ابن حجر العسقلاني، أحمد بن علي بن محمد،
Dates associated with a name 773-852 هجري
740 22 - ADDED ENTRY--UNCONTROLLED RELATED/ANALYTICAL TITLE
Uncontrolled related/analytical title التلخيص الحبير في تخريج أحاديث الرافعي الكبير.
740 22 - ADDED ENTRY--UNCONTROLLED RELATED/ANALYTICAL TITLE
Uncontrolled related/analytical title المهذب في فقه الإمام الشافعي.
740 22 - ADDED ENTRY--UNCONTROLLED RELATED/ANALYTICAL TITLE
Uncontrolled related/analytical title الشرح الكبير في شرح الوجيز، المسمى، فتح العزيز على كتاب الوجيز في الفقه الشافعي.
740 02 - ADDED ENTRY--UNCONTROLLED RELATED/ANALYTICAL TITLE
Uncontrolled related/analytical title فتح العزيز على كتاب الوجيز في الفقه الشافعي.
740 22 - ADDED ENTRY--UNCONTROLLED RELATED/ANALYTICAL TITLE
Uncontrolled related/analytical title الوجيز في فقه مذهب الإمام الشافعي.
856 4# - ELECTRONIC LOCATION AND ACCESS
Uniform Resource Identifier <a href="http://10.0.0.80:1112/Abdullah/2203(9).pdf">http://10.0.0.80:1112/Abdullah/2203(9).pdf</a>
856 4# - ELECTRONIC LOCATION AND ACCESS
Uniform Resource Identifier <a href="http://10.0.0.80:1112/Abdullah/2203(2).pdf">http://10.0.0.80:1112/Abdullah/2203(2).pdf</a>
856 4# - ELECTRONIC LOCATION AND ACCESS
Uniform Resource Identifier <a href="http://10.0.0.80:1112/Abdullah/2203(11).pdf">http://10.0.0.80:1112/Abdullah/2203(11).pdf</a>
856 4# - ELECTRONIC LOCATION AND ACCESS
Uniform Resource Identifier <a href="http://10.0.0.80:1112/Abdullah/2203(10).pdf">http://10.0.0.80:1112/Abdullah/2203(10).pdf</a>
856 4# - ELECTRONIC LOCATION AND ACCESS
Uniform Resource Identifier <a href="http://10.0.0.80:1112/Ahmad/ahmad2203_2014-05-18_151639.pdf">http://10.0.0.80:1112/Ahmad/ahmad2203_2014-05-18_151639.pdf</a>
856 4# - ELECTRONIC LOCATION AND ACCESS
Uniform Resource Identifier <a href="http://10.10.10.21/hipres/5229/book.Web/bookTestPage.html">http://10.10.10.21/hipres/5229/book.Web/bookTestPage.html</a>
856 4# - ELECTRONIC LOCATION AND ACCESS
Uniform Resource Identifier <a href="http://10.10.10.21/hipres/2203(9)/book.Web/bookTestPage.html">http://10.10.10.21/hipres/2203(9)/book.Web/bookTestPage.html</a>
856 4# - ELECTRONIC LOCATION AND ACCESS
Uniform Resource Identifier <a href="http://10.10.10.21/hipres/2203(2)/book.Web/bookTestPage.html">http://10.10.10.21/hipres/2203(2)/book.Web/bookTestPage.html</a>
856 4# - ELECTRONIC LOCATION AND ACCESS
Uniform Resource Identifier <a href="http://10.10.10.21/hipres/2203(11)/book.Web/bookTestPage.html">http://10.10.10.21/hipres/2203(11)/book.Web/bookTestPage.html</a>
856 4# - ELECTRONIC LOCATION AND ACCESS
Uniform Resource Identifier <a href="http://10.10.10.21/hipres/2203(10)/book.Web/bookTestPage.html">http://10.10.10.21/hipres/2203(10)/book.Web/bookTestPage.html</a>
856 4# - ELECTRONIC LOCATION AND ACCESS
Uniform Resource Identifier <a href="http://10.10.10.21/hipres/ahmad2203_2014-05-18_151639/book.Web/bookTestPage.html">http://10.10.10.21/hipres/ahmad2203_2014-05-18_151639/book.Web/bookTestPage.html</a>
856 4# - ELECTRONIC LOCATION AND ACCESS
Uniform Resource Identifier <a href="http://10.0.0.80:1112/Motasem/2203.pdf">http://10.0.0.80:1112/Motasem/2203.pdf</a>
856 4# - ELECTRONIC LOCATION AND ACCESS
Uniform Resource Identifier <a href="http://10.10.10.21/hipres/2203/book.Web/bookTestPage.html">http://10.10.10.21/hipres/2203/book.Web/bookTestPage.html</a>
856 4# - ELECTRONIC LOCATION AND ACCESS
Uniform Resource Identifier <a href="http://10.0.0.80:1112/Motasem/2203-.pdf">http://10.0.0.80:1112/Motasem/2203-.pdf</a>
856 4# - ELECTRONIC LOCATION AND ACCESS
Uniform Resource Identifier <a href="http://10.10.10.21/hipres/2203-/book.Web/bookTestPage.html">http://10.10.10.21/hipres/2203-/book.Web/bookTestPage.html</a>
942 ## - ADDED ENTRY ELEMENTS (KOHA)
Source of classification or shelving scheme Dewey Decimal Classification
Koha item type Books
949 ## - LOCAL PROCESSING INFORMATION (OCLC)
a SA-JeALM
d 240920
u khaled123
n 1
Holdings
Withdrawn status Lost status Source of classification or shelving scheme Materials specified (bound volume or other part) Damaged status Not for loan Home library Current library Date acquired Total checkouts Full call number Barcode Date last seen Price effective from Koha item type
    Dewey Decimal Classification المجلد الاول     DR AbdElwahab Library DR AbdElwahab Library 09/20/2024   258.3 ن و و 000000579 09/20/2024 09/20/2024 Books
    Dewey Decimal Classification المجلد الثاني     DR AbdElwahab Library DR AbdElwahab Library 09/20/2024   258.3 ن و و 000000580 09/20/2024 09/20/2024 Books
    Dewey Decimal Classification المجلد الثالث     DR AbdElwahab Library DR AbdElwahab Library 09/20/2024   258.3 ن و و 000000581 09/20/2024 09/20/2024 Books
    Dewey Decimal Classification المجلد الرابع     DR AbdElwahab Library DR AbdElwahab Library 09/20/2024   258.3 ن و و 000000582 09/20/2024 09/20/2024 Books
    Dewey Decimal Classification المجلد الخامس     DR AbdElwahab Library DR AbdElwahab Library 09/20/2024   258.3 ن و و 000000583 09/20/2024 09/20/2024 Books
    Dewey Decimal Classification المجلد السادس     DR AbdElwahab Library DR AbdElwahab Library 09/20/2024   258.3 ن و و 000000584 09/20/2024 09/20/2024 Books
    Dewey Decimal Classification المجلد السابع     DR AbdElwahab Library DR AbdElwahab Library 09/20/2024   258.3 ن و و 000000585 09/20/2024 09/20/2024 Books
    Dewey Decimal Classification المجلد الثامن     DR AbdElwahab Library DR AbdElwahab Library 09/20/2024   258.3 ن و و 000000586 09/20/2024 09/20/2024 Books